banner koha

Resposta de biotipos da grama forquilha a calagem e a frequencia de corte (Registro n. 160806)

MARC details
000 -LÍDER
campo de controle de tamanho fixo 00881nas a2200313 4500
001 - NÚMERO DE CONTROLE
campo de controle BR9900975
003 - IDENTIFICADOR DO NÚMERO DE CONTROLE
campo de controle BR-BrBNA
005 - DATA E HORÁRIO DA ÚLTIMA TRANSAÇÃO
campo de controle 20231205101252.0
007 - CAMPO FIXO DE DESCRIÇÃO FÍSICA--INFORMAÇÃO GERAL
campo de controle de tamanho fixo ta
008 - CAMPO DE DADOS FIXOS--INFORMAÇÃO GERAL
campo de controle de tamanho fixo 230509b bl.|||p| |||| 00| 00por d
040 ## - FONTE DA CATALOGAÇÃO
Instituição da catalogação original BR-BrBNA
Idioma da catalogação por
Instituição que transcreveu o registro Biblioteca Nacional de Agricultura
041 ## - CÓDIGO DE IDIOMA
Código do idioma do texto/trilha sonora ou título diferente (Pt)
072 ## - CÓDIGO DE CATEGORIA DE ASSUNTO
Código de Categoria de Assunto F04
100 1# - ENTRADA PRINCIPAL--NOME PESSOAL
Nome pessoal Kaminski, J.
100 1# - ENTRADA PRINCIPAL--NOME PESSOAL
Nome pessoal Rheinheimer, D. dos S.
100 1# - ENTRADA PRINCIPAL--NOME PESSOAL
Nome pessoal Santos, A.C. dos
100 1# - ENTRADA PRINCIPAL--NOME PESSOAL
Nome pessoal Santos, G.L. dos
100 1# - ENTRADA PRINCIPAL--NOME PESSOAL
Nome pessoal Oshe, S.
245 1# - TÍTULO
Título Resposta de biotipos da grama forquilha a calagem e a frequencia de corte
650 ## - ASSUNTO--TERMO TÓPICO
Cabeçalho tópico ou nome geográfico Grama-Batatais
650 ## - ASSUNTO--TERMO TÓPICO
Cabeçalho tópico ou nome geográfico Calagem
650 ## - ASSUNTO--TERMO TÓPICO
Cabeçalho tópico ou nome geográfico Corte
650 ## - ASSUNTO--TERMO TÓPICO
Cabeçalho tópico ou nome geográfico PH
650 ## - ASSUNTO--TERMO TÓPICO
Cabeçalho tópico ou nome geográfico Solo
650 ## - ASSUNTO--TERMO TÓPICO
Cabeçalho tópico ou nome geográfico Resposta da Planta
773 0# - ENTRADA ANALÍTICA
Título Ciencia Rural (Brazil)
ISSN - International Standard Serial Number ISSN 0103-8478
Partes relacionadas (Oct-Dec 1998), v. 28(4) p. 581-586
Número de controle do registro BR9900975
909 ## -
-- 202311
-- Lúcia
-- 55
-- Lúcia Elande
942 ## - ELEMENTOS DE ENTRADA ADICIONADOS (KOHA)
Fonte da classificação ou esquema de arquivamento na estante Classificação AGRIS
Ocultar no OPAC Não
Tipo de material Koha Analítica
Exemplares
Situação do descarte Fonte da classificação ou esquema de arquivamento na estante Situação física Não pode ser emprestado Biblioteca de origem Biblioteca atual Localização na estante Enumeração do periódico / cronologia Total de empréstimos Data de último acesso Número do exemplar Tipo de material Koha Fonte de aquisição
  Classificação AGRIS   Consulta local Biblioteca Nacional de Agricultura - Binagri Biblioteca Nacional de Agricultura - Binagri   (Oct-Dec 1998), v. 28(4) p. 581-586   29/11/2023 01 Periódicos Portaria Interministerial nº 164/94

BINAGRI

Telefone: (61)3218-2567/2388/3357/2097 - binagri@agro.gov.br

Ministério da Agricultura e Pecuária , Esplanada dos Ministérios, Bloco D, Anexo B, Brasília/DF, CEP: 70.043-900